000 01620nam0a2200385 4500
001 RU\NLR\bibl\1787146
005 20260406100221.0
010 _a978-5-9922-0867-2
_95000
021 _aRU
_b2011-45089
_93198
035 _a(nilc)RSL-KNO-004957913
035 _a(NLR Aleph) 001777867
090 _a1678750
_c1678750
100 _a20110621d2011 |||y0rusy50 ca
101 0 _arus
102 _aRU
105 _aa |||||||||
200 1 _aКорона Всевластия
_e[трилогия]
_fТатьяна Форш
_g[худож.: В. Федоров, С.А. Григорьев]
210 _aМосква
_cАльфа-Книга
_d2011
215 _a728, [2] с.
_cил.
_d22
225 1 _aТрилогия в одном томе
_vвып. 108
327 1 _aСодерж.: Бриллиантовая королева; Игра Лучезарного; Корона Всевластия
686 _aШ5(2=Р)75-644.5
_2rubbk
686 _aШ6(2=Р)8-445
700 1 _aФорш
_bТ. А.
_gТатьяна Алексеевна
_4070
702 1 _4040
_aФедоров
_bВ. В.
_cхудожник-иллюстратор
_f1957-
_gВячеслав Вениаминович
_958069
_3RU\NLR\auth\7775141
702 1 _4040
_7ca
_8rus
_aГригорьев
_bС. А.
_cхудожник-иллюстратор
_f1961-
_gСергей Анатольевич
_932406
_3RU\NLR\auth\7749471
801 0 _aRU
_bRuMoRKP
_c20110621
_grcr
801 1 _aRU
_bРГБ
_c20110621
801 2 _aRU
_bNLR
_c20110711
_grcr
830 _aавт. по кн.
942 _cBOOK
980 _aNB
980 _aNBR